00822nam a2200241 i 4500001001000000003000900010005001700019007000300036008004100039020001800080040003000098041000800128082001700136100005900153245007800212264004800290300002800338336002700366337003300393338002800426500007100454700005500525000042777DO-SdBNP20251008094704.0ta140207s2012 dr 000 0 spa d a9789945469943 aDO-SdBNPbspacBNPHUerda aspa 4axxxbxxx2221 aHenríquez Ureña, Pedro,d1884-1946 eautor4aut.10aVersos /cPedro Henríquez Ureña ; prólogo, Néstor E. Rodríguez. 4aSanto Domingo :bEditora Nacional,c©2012. a116 páginas ;c23 cm. atextobtxt2rdacontent asin mediaciónbn2rdamedia avolumenbnc2rdacarrier aIncluye datos biográficos del autor en la solapa de la cubierta.1 aRodríguez, Néstor E.,d1971-eprologuista4pr.